<?xml version='1.0' encoding='UTF-8'?>
  <record xmlns="http://www.loc.gov/MARC21/slim">
    <leader>00000ctm a22000007i 4500</leader>
    <controlfield tag="001">ocn965404785</controlfield>
    <controlfield tag="003">OCoLC</controlfield>
    <controlfield tag="005">20250617195758.4</controlfield>
    <controlfield tag="008">111215q13661420xx            000 0 lat d</controlfield>
    <datafield tag="040" ind1=" " ind2=" ">
      <subfield code="a">QGJ</subfield>
      <subfield code="b">dut</subfield>
      <subfield code="c">QGJ</subfield>
      <subfield code="d">OCLCO</subfield>
      <subfield code="d">OCLCL</subfield>
      <subfield code="d">OCLCQ</subfield>
    </datafield>
    <datafield tag="035" ind1=" " ind2=" ">
      <subfield code="a">(OCoLC)965404785</subfield>
    </datafield>
    <datafield tag="240" ind1="1" ind2="0">
      <subfield code="a">Secreta secretorum.</subfield>
    </datafield>
    <datafield tag="245" ind1="0" ind2="0">
      <subfield code="a">Liber Aristotelis de regimine principum sive Secreta secretorum.</subfield>
      <subfield code="f">UBU Hs. 317 (3 C 9).</subfield>
    </datafield>
    <datafield tag="246" ind1="1" ind2=" ">
      <subfield code="a">Liber de regimine principum sive Secreta secretorum.</subfield>
    </datafield>
    <datafield tag="260" ind1=" " ind2=" ">
      <subfield code="a">[S.l.]</subfield>
      <subfield code="c">[ca. 1366-ca. 1420]</subfield>
    </datafield>
    <datafield tag="300" ind1=" " ind2=" ">
      <subfield code="a">149 fol. :</subfield>
      <subfield code="b">ill. ;</subfield>
      <subfield code="c">200/204 x 130/133 (150/195 x 100/124) mm.</subfield>
    </datafield>
    <datafield tag="336" ind1=" " ind2=" ">
      <subfield code="a">text</subfield>
      <subfield code="b">txt</subfield>
      <subfield code="2">rdacontent</subfield>
    </datafield>
    <datafield tag="337" ind1=" " ind2=" ">
      <subfield code="a">unmediated</subfield>
      <subfield code="b">n</subfield>
      <subfield code="2">rdamedia</subfield>
    </datafield>
    <datafield tag="338" ind1=" " ind2=" ">
      <subfield code="a">volume</subfield>
      <subfield code="b">nc</subfield>
      <subfield code="2">rdacarrier</subfield>
    </datafield>
    <datafield tag="340" ind1=" " ind2=" ">
      <subfield code="a">papier, perkament</subfield>
      <subfield code="k">littera cursiva antiquior.</subfield>
    </datafield>
    <datafield tag="500" ind1=" " ind2=" ">
      <subfield code="a">Datering op grond van de voorspelling van zon-eclipsen in 1366-1386 (fol. 103v, 105v, 106r, 107r) en de watermerken van fol. 8, fol. 9, bif. 97/106, 98/105, 100/103, 146/149.</subfield>
    </datafield>
    <datafield tag="500" ind1=" " ind2=" ">
      <subfield code="a">Bevat ook: Notabilia de vita activa et contemplativa et aliis rebus ... (fol. 17r-46r), De miseria condicionis humanae / Innocentius III (fol. 47r-68v), Meditationes Bernardi (fol. 70r-84r), Quaestio de peccato originali (fol. 85r-88v), Versus de arte muliebri et de simonia (fol. 89r-89v), Quaestiones super: quis, quid, cui dicas, cur, quoniam, quando requiras (fol. 90-91v), De numero quatuor et alia (fol. 96 r), Tractatus de libro Posteriorum (schema) (fol. 96v-97r), Versus de signis coelestibus, de mensibus etc. (fol. 97r-98v), Tractatus de modo praedicandi / editus a fratre Johanne de Gwidernia ... (fol. 99r-103r), De eclipsi solis anni 1366 cum III planetariorum imaginibus (fol. 103v, 105v, 106r, 107r), Tractatus de modo praedicandi (fol. 104r-105r), Glossae de conceptione Virginis et alia (fol. 108r-117v), Moralitates / Robertus Holcoth (fol. 119r-149r).</subfield>
    </datafield>
    <datafield tag="500" ind1=" " ind2=" ">
      <subfield code="a">Onbeschreven: fol. 69, 92-95r, 118.</subfield>
    </datafield>
    <datafield tag="524" ind1=" " ind2=" ">
      <subfield code="a">Te citeren als: Universiteitsbibliotheek Utrecht Hs. 317 (3 C 9).</subfield>
    </datafield>
    <datafield tag="563" ind1=" " ind2=" ">
      <subfield code="a">Leren band over houten platten, twee koperen klampsluitingen, leesriempje, gerestaureerd in 1984.</subfield>
    </datafield>
    <datafield tag="581" ind1=" " ind2=" ">
      <subfield code="a">P.A. Tiele, Catalogus codicum manu scriptorum Bibliothecae Universitatis Rheno-Trajectinae. I. Trajecti ad Rhenum. Hagae Comitis 1887. P. 103.</subfield>
    </datafield>
    <datafield tag="581" ind1=" " ind2=" ">
      <subfield code="a">A. Hulshof, Catalogus codicum manu scriptorum Bibliothecae Universitatis Rheno-Traiectinae. II. Traiecti ad Rhenum 1909. P. 43.</subfield>
    </datafield>
    <datafield tag="581" ind1=" " ind2=" ">
      <subfield code="a">H. Caplan, Mediaeval artes praedicandi. Ithaca, NY 1934. (= Cornell studies in classical philology 24). P. 5 nr. 1 (fol. 104-105r), p. 16 nr. 78 (fol. 99-103r).</subfield>
    </datafield>
    <datafield tag="581" ind1=" " ind2=" ">
      <subfield code="a">L. Thorndike, 'Prediction of eclipses in the fourteenth century', in: Isis 42 (1951). P. 301-302.</subfield>
    </datafield>
    <datafield tag="581" ind1=" " ind2=" ">
      <subfield code="a">J.P. Gumbert, Die Utrechter Kartäuser und ihre Bücher im frühen fünfzehnten Jahrhundert. Leiden 1974. P. 192.</subfield>
    </datafield>
    <datafield tag="581" ind1=" " ind2=" ">
      <subfield code="a">Th. Kaeppeli, Scriptores Ordinis Praedicatorum Medii Aevi II. Romae 1975. P. 48 (fol. 89r.).</subfield>
    </datafield>
    <datafield tag="581" ind1=" " ind2=" ">
      <subfield code="a">L.M. de Rijk &amp; O. Weijers, Repertorium commentariorum medii aevi in Aristotelem latinorum quae in bibliothecis publicis Neerlandicis asservantur. Amsterdam etc. 1981. (= Koninklijke Nederlandse Akademie van Wetenschappen, Afdeling Letterkunde, Verhandelingen, N.R. 109. P. 51-52 nr. 7 (vooral fol. 96v-97r).</subfield>
    </datafield>
    <datafield tag="581" ind1=" " ind2=" ">
      <subfield code="a">Ch.B. Schmitt &amp; D. Knox, Pseudo-Aristoteles Latinus. A guide to Latin works falsely attributed to Aristotle before 1500. London 1985. (= Warburg Institute surveys and texts 12). P. 72 (fol. 1-17: verkorte versie; verdere literatuur).</subfield>
    </datafield>
    <datafield tag="500" ind1=" " ind2=" ">
      <subfield code="a">Door verschillende handen geschreven.</subfield>
    </datafield>
    <datafield tag="500" ind1=" " ind2=" ">
      <subfield code="a">Op vliegend schutblad voorin staat geschreven: Pertinet Regularibus in Traiecto, daaronder staat een korte inhoudsopgave.</subfield>
    </datafield>
    <datafield tag="500" ind1=" " ind2=" ">
      <subfield code="a">Boven de tekst op fol. 89r: "Fratris Goetzonis Wisbroetelin ordinis fratrum predicatorum conventus Argentinensis deo gracia. Nota versus". Voor Godefridus Wisbrodelin zie: T. Kaeppeli, Scriptores Ordinis Praedicatorum Medii Aevi 2, p. 48.</subfield>
    </datafield>
    <datafield tag="500" ind1=" " ind2=" ">
      <subfield code="a">Fol. 90-91v zou een beknopte weergave zijn van Albertanus Brixiensis, De arte loquendi et tacendi.</subfield>
    </datafield>
    <datafield tag="500" ind1=" " ind2=" ">
      <subfield code="a">Fol. 104-105: deze tekst ook in Universiteitsbibliotheek Utrecht Hs. 181, fol. 88v-89v.</subfield>
    </datafield>
    <datafield tag="500" ind1=" " ind2=" ">
      <subfield code="a">Restauratierapport aanwezig.</subfield>
    </datafield>
    <datafield tag="655" ind1=" " ind2="7">
      <subfield code="a">Handschriften (vorm)</subfield>
      <subfield code="0">(NL-LeOCL)088143309.</subfield>
      <subfield code="2">gtt</subfield>
    </datafield>
    <datafield tag="700" ind1="0" ind2=" ">
      <subfield code="a">Aristoteles.</subfield>
    </datafield>
    <datafield tag="700" ind1="0" ind2=" ">
      <subfield code="a">Albertanus Brixiensis,</subfield>
      <subfield code="d">1192?-1270?</subfield>
    </datafield>
    <datafield tag="700" ind1="0" ind2=" ">
      <subfield code="a">Aristoteles,</subfield>
      <subfield code="c">Pseudo-</subfield>
    </datafield>
    <datafield tag="700" ind1="0" ind2=" ">
      <subfield code="a">Bernardus Claraevallensis,</subfield>
      <subfield code="c">Pseudo-</subfield>
    </datafield>
    <datafield tag="700" ind1="0" ind2=" ">
      <subfield code="a">Innocentius,</subfield>
      <subfield code="b">III,</subfield>
      <subfield code="d">1160/61-1216.</subfield>
    </datafield>
    <datafield tag="700" ind1="0" ind2=" ">
      <subfield code="a">Johannes de Gwidernia.</subfield>
    </datafield>
    <datafield tag="700" ind1="1" ind2=" ">
      <subfield code="a">Holcot, Robert,</subfield>
      <subfield code="d">ca. 1290-1349.</subfield>
      <subfield code="1">https://id.oclc.org/worldcat/entity/E39PBJy8yJfFXV4vCd3Tggptrq</subfield>
    </datafield>
    <datafield tag="710" ind1="2" ind2=" ">
      <subfield code="a">Regulierenklooster (Utrecht)</subfield>
      <subfield code="e">former owner.</subfield>
      <subfield code="4">fmo</subfield>
      <subfield code="5">NL-UtRU</subfield>
    </datafield>
    <datafield tag="740" ind1="0" ind2=" ">
      <subfield code="a">Notabilia de vita activa et contemplativa et aliis rebus.</subfield>
    </datafield>
    <datafield tag="740" ind1="0" ind2=" ">
      <subfield code="a">De miseria conditionis humanae.</subfield>
    </datafield>
    <datafield tag="740" ind1="0" ind2=" ">
      <subfield code="a">Meditationes.</subfield>
    </datafield>
    <datafield tag="740" ind1="0" ind2=" ">
      <subfield code="a">Quaestio de peccato originali.</subfield>
    </datafield>
    <datafield tag="740" ind1="0" ind2=" ">
      <subfield code="a">Versus de arte muliebri et de simonia.</subfield>
    </datafield>
    <datafield tag="740" ind1="0" ind2=" ">
      <subfield code="a">Quaestiones super: quis, quid, cui dicas, cur, quoniam, quando requiras.</subfield>
    </datafield>
    <datafield tag="740" ind1="0" ind2=" ">
      <subfield code="a">De numero quatuor et alia.</subfield>
    </datafield>
    <datafield tag="740" ind1="0" ind2=" ">
      <subfield code="a">Versus de signis coelestibus, de mensibus etc.</subfield>
    </datafield>
    <datafield tag="740" ind1="0" ind2=" ">
      <subfield code="a">Tractatus de libro Posteriorum (schema).</subfield>
    </datafield>
    <datafield tag="740" ind1="0" ind2=" ">
      <subfield code="a">Tractatus de modo praedicandi.</subfield>
    </datafield>
    <datafield tag="740" ind1="0" ind2=" ">
      <subfield code="a">De eclipsi solis anni 1366.</subfield>
    </datafield>
    <datafield tag="740" ind1="0" ind2=" ">
      <subfield code="a">Glossae de conceptione Virginis et alia.</subfield>
    </datafield>
    <datafield tag="740" ind1="0" ind2=" ">
      <subfield code="a">Moralitates.</subfield>
    </datafield>
    <datafield tag="856" ind1="4" ind2="1">
      <subfield code="u">http://objects.library.uu.nl/reader/resolver.php?obj=002395838&amp;type=2</subfield>
      <subfield code="x">Online</subfield>
      <subfield code="z">Full Text</subfield>
    </datafield>
    <datafield tag="936" ind1=" " ind2=" ">
      <subfield code="a">BATCHLOAD</subfield>
    </datafield>
  </record>